Best football teams in each English county - Statistics

General Stats
  • This quiz has been taken 49 times
  • The average score is 30 of 47
Answer Stats
County Club % Correct
Greater London Arsenal
95%
Greater Manchester Manchester City
93%
Merseyside Liverpool
91%
Tyne & Wear Newcastle United
91%
Norfolk Norwich City
91%
West Midlands Aston Villa
86%
East Sussex Brighton and Hove Albion
86%
Hampshire Southampton
86%
West Yorkshire Leeds United
84%
Leicestershire Leicester City
84%
Nottinghamshire Nottingham Forest
84%
Suffolk Ipswich Town
82%
Bristol Bristol City
80%
Derbyshire Derby County
80%
Oxfordshire Oxford United
80%
Lancashire Burnley
75%
South Yorkshire Sheffield United
75%
Lincolnshire Lincoln City
73%
Devon Plymouth Argyle
73%
East Riding of Yorkshire Hull City
70%
Bedfordshire Luton Town
70%
North Yorkshire Middlesbrough
70%
Northamptonshire Northampton Town
70%
Hertfordshire Watford
68%
Dorset Bournemouth
66%
Cumbria Carlisle United
66%
Berkshire Reading
66%
Staffordshire Stoke City
66%
Herefordshire Hereford
59%
Kent Gillingham
57%
Cambridgeshire Peterborough United
57%
Essex Colchester United
55%
Shropshire Shrewsbury Town
55%
Gloucestershire Cheltenham Town
52%
Wiltshire Swindon Town
50%
Cornwall Truro City
45%
Buckinghamshire Wycombe Wanderers
43%
Somerset Yeovil Town
43%
Cheshire Crewe Alexandra
41%
West Sussex Crawley Town
36%
Durham Hartlepool United
32%
Worcestershire Kidderminster Harriers
25%
Rutland Oakham United
25%
Northumberland Blyth Spartans
23%
Isle of Wight Cowes Sports
20%
Warwickshire Leamington
20%
Surrey Woking
16%
No matching quizzes found
Score Distribution
Percent of People with Each Score
Percentile by Number Answered
Your Score History
You have not taken this quiz